1601 1440 1573 1952 1112 1182 1193 1808 1486 1431 1394 1561 1186 1313 1217 1223 1138 1925 1709 1681 1395 1443 1414 1346 1017 1694 1768 1454 1768 1381 1697 1802 1268 1547 1602 1799 1091 1587 1492 1404 1711 1921 1352 1433 1142 1104 1418 1674 1632 1663 1449 1232 1703 1044 1752 1705 1546 1941 2000 1018 1188 1981 1029 1293 1875 1896 1418 1865 1947 1316 1357 1161 1647 1803 1476 1789 1945 1272 1423 1635 1522 1622 1659 1060 1395 1305 1398 1656 1568 1692 1280 1710 1249 1198 1547 1970 1364 1007 1076 BCNSPRNW ULIB Ver.6.0+V

เปลี่ยนเป็นภาษาไทย

Change to English
 แสดงรายละเอียดบรรณานุกรม
  กลับหน้าหลัก

Brief Record : Get Marc (ISO 2709) : E-mail record : QR code < ปิดหน้าต่าง
LEADER : 00000nam 2200000uu 4500
001    13399122439
003     ULIB
008    130612s2555||||th 000 0 tha d
020    ^a9789746727006
060 04 ^aWY100^bก499 ล.1
110 1  ^aมหาวิทยาลัยเชียงใหม่.^bคณะพยาบาลศาสตร์^b.กลุ่มการพยาบาลสาธารณสุข
245 10 ^aการรักษาพยาบาลโรคเบื้องต้น เล่ม1/^cบรรณาธิการ,วราภรณ์ บุญเชียง,วิลาวัณย์ เตือนราษฎร์
260    ^aเชียงใหม่ :^bกลุ่มการพยาบาลสาธารณสุข คณะพยาบาลศาสตร์ มหาวิทยาลัยเชียงใหม่,^c2555
300    ^a129 หน้า
650  7 ^aโรคเบื้องต้น
650  7 ^aพยาบาลโรคเบื้องต้น
700 12 ^aวราภรณ์ บุญเชียง.^eบรรณาธิการ
700 12 ^aวิลาวัณย์ เตือนราษฎร์.^eบรรณาธิการร่วม
945    ^p150^l0^i19907
945    ^p150^l0^i19908
945    ^p150^l0^i19909
945    ^p150^l0^i19910
945    ^p150^l0^i19911
995    ^aทศพ
999    ^aทศพร
รายการนี้ยังไม่มีแท็ก
คุณยังไม่ได้ล็อกอิน คุณสามารถมีกิจกรรมร่วมกับเว็บไซต์ได้ แต่ต้องล็อกอินก่อน ::
  ล็อกอิน

รายการสื่อสารสนเทศ

ลำดับที่ ประเภท เลขเรียก/บาร์โค้ด สถานที่ สถานะ
1. Book การพยาบาล
Book การพยาบาล
สถานะ=หนังสือเก่า
WY100 ก499 ล.1 ฉ.1 
  Barcode: 19907
ห้องสมุดวิทยาเขตนครสวรรค์
►ส่วนจัดเก็บหนังสือเก่า นว.
บนชั้น
  ขอยืม
2. Book การพยาบาล
Book การพยาบาล
สถานะ=หนังสือเก่า
WY100 ก499 ล.1 ฉ.2 
  Barcode: 19908
ห้องสมุดวิทยาเขตนครสวรรค์
►ส่วนจัดเก็บหนังสือเก่า นว.
บนชั้น
  ขอยืม
3. Book การพยาบาล
Book การพยาบาล
สถานะ=หนังสือเก่า
WY100 ก499 ล.1 ฉ.3 
  Barcode: 19909
ห้องสมุดวิทยาเขตนครสวรรค์
►ส่วนจัดเก็บหนังสือเก่า นว.
บนชั้น
  ขอยืม
4. Book การพยาบาล
Book การพยาบาล
สถานะ=หนังสือเก่า
WY100 ก499 ล.1 ฉ.4 
  Barcode: 19910
ห้องสมุดวิทยาเขตนครสวรรค์
►ส่วนจัดเก็บหนังสือเก่า นว.
บนชั้น
  ขอยืม
5. Book การพยาบาล
Book การพยาบาล
สถานะ=หนังสือเก่า
WY100 ก499 ล.1 ฉ.5 
  Barcode: 19911
ห้องสมุดวิทยาเขตนครสวรรค์
►ส่วนจัดเก็บหนังสือเก่า นว.
บนชั้น
  ขอยืม

รายการใกล้เคียง
    หัวเรื่อง [โรคเบื้องต้น]
    หัวเรื่อง [พยาบาลโรคเบื้องต้น]

BibComment


ยังไม่เคยถูกคอมเมนท์

คอมเมนท์ทรัพยากรรายการนี้
  คอมเมนท์: การรักษาพยาบาลโร..


 Copyright 2026. Bcnsprnw @Library